El Proceso de reforma del estado y modernizacin̤ de la gestin̤ pb︢lica en Chile lecciones, experiencias y aprendizajes: 1990-2003 /

Bibliographic Details
Main Author: Ramr̕ez Alujas, ℓlvaro Vicente
Corporate Authors: Instituto Nacional de Administracin̤ Pb︢lica (Espaą), Espaą. Ministerio para las Administraciones Pb︢licas
Format: Book
Language:Spanish
Published: Madrid : Instituto Nacional de Administracin̤ Pb︢lica, 2004
Series:Iberoamřica
Subjects:
Online Access:Acceso restringido

MARC

LEADER 00000nam a2200000 a 4500
005 20120913181019.0
007 cr|||| ||||
008 050215s2004 sp |||||| o00| ||spa||
017 |a DL M. 49026-2004 
020 |a 8473511646 
035 |a 6625 
040 |d vLex 
090 |c 3416  |d 3416 
100 1 |a Ramr̕ez Alujas, ℓlvaro Vicente 
245 1 3 |a El Proceso de reforma del estado y modernizacin̤ de la gestin̤ pb︢lica en Chile  |h [Recurso electrn̤ico] :  |b lecciones, experiencias y aprendizajes: 1990-2003 /  |c ℓlvaro Vicente Ramr̕ez Alujas 
256 |a Servicio en ln̕ea 
260 |a Madrid :  |b Instituto Nacional de Administracin̤ Pb︢lica,  |c 2004 
300 |a 1 recurso electrn̤ico 
500 |a En la cubierta: Ministerio de Administraciones Pb︢licas 
506 1 |a Contenido solo disponible en los productos indicados  |d vLex Global   |d vLex Global (Academic Edition, excluding Law Schools)   |d vLex Global (U.S. Academic Edition, Law Schools)   |d vLex Global (U.S. Academic Edition, excluding Law Schools)   |d vLex Global (Academic Edition, Law Schools)  
650 0 4 |a Sector pb︢lico  |z Chile 
650 0 4 |a Administracin̤ pb︢lica  |z Chile 
710 2 |a Instituto Nacional de Administracin̤ Pb︢lica (Espaą) 
710 2 |a Espaą.  |b Ministerio para las Administraciones Pb︢licas 
740 0 |a vLex Libros (Servicio en ln̕ea) 
830 0 |a Iberoamřica 
856 4 0 |u http://vlex.com/source/proceso-reforma-estado-modernizacion-gestion-publica-chile-6625  |z Acceso restringido 
942 |c BOOK 
999 0 |a Public administration